[Event "Ambalangoda Dhamso op 8th"]
[Site "Ambalangoda"]
[Date "2018.04.21"]
[Round "6"]
[White "Malhara, WA Hansana"]
[Black "Liyanage, BKD"]
[Result "1-0"]
[WhiteElo "1709"]
[BlackElo "1402"]
[PlyCount "28"]
[EventDate "2018.04.19"]
[EventType "swiss"]
[EventRounds "9"]
[EventCountry "SRI"]
[SourceTitle "CBM 184 Extra"]
[Source "ChessBase"]
[SourceDate "2018.06.28"]
[SourceVersion "1"]
[SourceVersionDate "2018.06.28"]
[SourceQuality "1"]

1. c4 Nf6 2. Nf3 g6 3. g3 Bg7 4. Nc3 0-0 5. Bg2 d6 6. 0-0 e5 7. d3 Nc6 8. Bg5 Ne7 9. Rb1 c6 10. c5 Qc7 11. Bxf6 Bxf6 12. Ne4 Bg7 13. cxd6 Qd8 14. dxe7 Qxe7 1-0

[Event "Ambalangoda Dhamso op 6th"]
[Site "Ambalangoda"]
[Date "2016.05.01"]
[Round "5"]
[White "Amarasinghe, AACB"]
[Black "Malhara, WA Hansana"]
[Result "1/2-1/2"]
[WhiteElo "1867"]
[BlackElo "1657"]
[PlyCount "54"]
[EventDate "2016.04.29"]
[EventType "swiss"]
[EventRounds "9"]
[EventCountry "SRI"]
[SourceTitle "EXT 2017"]
[Source "ChessBase"]
[SourceDate "2016.10.25"]
[SourceVersion "1"]
[SourceVersionDate "2016.10.25"]
[SourceQuality "1"]

1. f4 f5 2. Nf3 Nf6 3. g3 g6 4. Bg2 Bg7 5. 0-0 0-0 6. d3 d6 7. c3 c6 8. Qb3+ Kh8 9. Na3 Qb6+ 10. Qxb6 axb6 11. c4 Na6 12. Nc2 Bd7 13. Be3 c5 14. Rab1 Nc7 15. a3 Bc6 16. b4 Ng4 17. Bd2 Rfe8 18. b5 Bd7 19. h3 Nh6 20. Ng5 Ra7 21. Rb3 e5 22. e3 Ne6 23. Bc3 Nxg5 24. fxg5 Nf7 25. h4 Nd8 26. Bd5 Ne6 27. Bf3 Nxg5 1/2-1/2

[Event "Ambalangoda Dhamso op 6th"]
[Site "Ambalangoda"]
[Date "2016.04.30"]
[Round "4"]
[White "Malhara, WA Hansana"]
[Black "De Silva, Osheen"]
[Result "1-0"]
[WhiteElo "1657"]
[BlackElo "1888"]
[PlyCount "97"]
[EventDate "2016.04.29"]
[EventType "swiss"]
[EventRounds "9"]
[EventCountry "SRI"]
[SourceTitle "EXT 2017"]
[Source "ChessBase"]
[SourceDate "2016.10.25"]
[SourceVersion "1"]
[SourceVersionDate "2016.10.25"]
[SourceQuality "1"]

1. c4 Nf6 2. Nc3 e6 3. Nf3 d5 4. cxd5 exd5 5. d4 c6 6. Bg5 Bb4 7. a3 Bxc3+ 8. bxc3 Qa5 9. Qb3 Ne4 10. Bd2 0-0 11. e3 Qc7 12. Bd3 Bg4 13. h3 Bxf3 14. gxf3 Nxd2 15. Kxd2 Nd7 16. f4 Nf6 17. f3 c5 18. Qb2 Rfe8 19. Rab1 Re7 20. Rbe1 Rc8 21. Rc1 Rce8 22. Rce1 cxd4 23. cxd4 Nh5 24. Bb5 Rd8 25. Rc1 Qd6 26. Qb4 Qe6 27. Rce1 a6 28. Bd3 Rde8 29. Qb1 h6 30. Bh7+ Kh8 31. Bd3 Qd6 32. Qb4 Qb8 33. Qc5 Nf6 34. Qb4 Re6 35. Bf5 Rc6 36. Rc1 Rxc1 37. Rxc1 g6 38. Bd3 Rc8 39. Qe7 Kg7 40. Qe5 Qa8 41. Rc7 Rxc7 42. Qxc7 b5 43. f5 g5 44. Qb6 Qc8 45. e4 dxe4 46. fxe4 Nd7 47. Qd6 Qb7 48. e5 Nb6 49. f6+ 1-0

[Event "Ambalangoda Dhamso op 4th"]
[Site "Ambalangoda"]
[Date "2014.05.01"]
[Round "3"]
[White "Malhara, WA Hansana"]
[Black "Dissanayake, RS."]
[Result "0-1"]
[WhiteElo "1469"]
[BlackElo "1903"]
[PlyCount "126"]
[EventDate "2014.04.30"]
[EventType "swiss"]
[EventRounds "9"]
[EventCountry "SRI"]
[SourceTitle "CBM 160 Extra"]
[Source "ChessBase"]
[SourceDate "2014.07.01"]
[SourceVersion "1"]
[SourceVersionDate "2014.07.01"]
[SourceQuality "1"]

1. c4 e5 2. Nc3 Nc6 3. g3 g6 4. Bg2 Bg7 5. Nf3 d6 6. d3 Be6 7. 0-0 f6 8. Rb1 Nge7 9. b4 Qd7 10. Re1 Bh3 11. Bh1 h5 12. b5 Nd8 13. d4 exd4 14. Qxd4 0-0 15. Nd5 Ne6 16. Nxe7+ Qxe7 17. Qd3 Bf5 18. e4 Bg4 19. Nh4 Nc5 20. Qc2 Qf7 21. Bb2 Be6 22. Rbc1 Rae8 23. Bd4 b6 24. Bxc5 dxc5 25. e5 f5 26. f4 Rd8 27. Nf3 Bh6 28. h4 Rd7 29. Nd2 Rfd8 30. Nb3 Rd3 31. Kh2 Qe7 32. Qf2 Qf7 33. Qc2 Qe7 34. Qf2 Bf8 35. Bg2 Bf7 36. e6 Bxe6 37. Bd5 R3xd5 38. cxd5 Rxd5 39. Qe3 Rd6 40. Rcd1 Kf7 41. Rxd6 cxd6 42. Qf3 d5 43. a4 Qd7 44. Nd2 Bg7 45. Qe2 c4 46. Nf3 Bf6 47. Ne5+ Bxe5 48. Qxe5 d4 49. Qh8 Qd5 50. Qh7+ Kf6 51. Re5 Qd6 52. Qh8+ Ke7 53. Qg7+ Kd8 54. Qf6+ Kd7 55. Qg7+ Qe7 56. Qxg6 d3 57. Qxh5 c3 58. Qd1 Qd6 59. Rxe6 Kxe6 60. Qb3+ Qd5 61. Qxc3 d2 62. Qc8+ Kf7 63. Qc7+ Kg6 0-1